[Event "Mittelfranken-chTB2b 1314"]
[Site "Mittelfranken"]
[Date "2014.03.30"]
[Round "8.5"]
[White "Di Bonaventura, Stefan"]
[Black "Krisin, Joachim"]
[Result "0-1"]
[WhiteElo "1581"]
[BlackElo "1827"]
[PlyCount "116"]
[EventDate "2013.10.20"]
[EventType "team-tourn"]
[EventRounds "9"]
[EventCountry "GER"]
[SourceTitle "EXT 2020"]
[Source "ChessBase"]
[SourceDate "2019.10.17"]
[SourceVersion "1"]
[SourceVersionDate "2019.10.17"]
[SourceQuality "1"]
[WhiteTeam "Buechenbach/Roth III"]
[BlackTeam "Siemens Erlangen"]
[WhiteTeamCountry "GER"]
[BlackTeamCountry "GER"]

1. e4 c5 2. Nf3 Nc6 3. d4 cxd4 4. Nxd4 e5 5. Nb5 a6 6. Nd6+ Bxd6 7. Qxd6 Qf6 8. Qd1 Qg6 9. Nc3 Nge7 10. Be3 d5 11. exd5 Nb4 12. Rc1 Bf5 13. g3 Nxc2+ 14. Rxc2 Bxc2 15. Qd2 0-0 16. Bc5 Rfe8 17. d6 Nc6 18. d7 Red8 19. Bb6 Nd4 20. Bxd4 exd4 21. Qxd4 Qe6+ 22. Be2 Rxd7 23. Qc4 Qxc4 24. Bxc4 Re8+ 25. Kf1 Bd3+ 26. Bxd3 Rxd3 27. Kg2 Rd2 28. Rb1 Red8 29. a3 Rc2 30. Ne4 Rd4 31. Re1 h6 32. b4 b6 33. Re3 Ra2 34. g4 Ra1 35. h4 Rad1 36. Kf3 R4d3 37. Nc3 Rxe3+ 38. Kxe3 Ra1 39. a4 Re1+ 40. Kd4 Rf1 41. Ke3 Rh1 42. h5 Ra1 43. Kd4 Rg1 44. f3 Rf1 45. Ke3 f6 46. Ke2 Ra1 47. Kd3 Kf7 48. b5 axb5 49. axb5 Ke6 50. Kd4 Rf1 51. Ke4 Rf2 52. Ke3 Rb2 53. Kd4 Rb4+ 54. Kd3 Ke5 55. Ke3 Rb3 56. f4+ Kd6 57. Kd4 Rxc3 58. Kxc3 Kc5 0-1

[Event "Mittelfranken-chTB2b 1314"]
[Site "Mittelfranken"]
[Date "2014.03.09"]
[Round "7.5"]
[White "Beck, Gerhard"]
[Black "Di Bonaventura, Stefan"]
[Result "1-0"]
[WhiteElo "1692"]
[BlackElo "1581"]
[PlyCount "75"]
[EventDate "2013.10.20"]
[EventType "team-tourn"]
[EventRounds "9"]
[EventCountry "GER"]
[SourceTitle "EXT 2020"]
[Source "ChessBase"]
[SourceDate "2019.10.17"]
[SourceVersion "1"]
[SourceVersionDate "2019.10.17"]
[SourceQuality "1"]
[WhiteTeam "Uttenreuth"]
[BlackTeam "Buechenbach/Roth III"]
[WhiteTeamCountry "GER"]
[BlackTeamCountry "GER"]

1. Nf3 d5 2. g3 Nf6 3. Bg2 e6 4. 0-0 Be7 5. d3 0-0 6. Nbd2 c5 7. e4 Nc6 8. c3 e5 9. Re1 d4 10. cxd4 cxd4 11. Nc4 Bg4 12. h3 Bxf3 13. Qxf3 Nd7 14. a3 b5 15. Nd2 a5 16. b3 Nb6 17. Qg4 Qd7 18. f4 Qxg4 19. hxg4 Nd7 20. g5 f6 21. gxf6 Rxf6 22. Nf3 Bd6 23. f5 h6 24. Bf1 Ne7 25. Bd2 Nc5 26. Rab1 Nc6 27. Rec1 Rc8 28. Bxa5 Nxa5 29. b4 Nab7 30. bxc5 Nxc5 31. Rxb5 Rc7 32. Nxe5 Bxe5 33. Rbxc5 Ra7 34. Rxe5 Rxa3 35. Re7 Rb6 36. Rc8+ Kh7 37. Ree8 g6 38. Rc7# 1-0

[Event "Mittelfranken-chTB2a 1112"]
[Site "Germany"]
[Date "2012.02.26"]
[Round "7.5"]
[White "Metzenroth, Dieter"]
[Black "Di Bonaventura, Stefan"]
[Result "1/2-1/2"]
[WhiteElo "1798"]
[BlackElo "1661"]
[PlyCount "55"]
[EventDate "2011.09.25"]
[EventType "team-tourn"]
[EventRounds "9"]
[EventCountry "GER"]
[SourceTitle "EXT 2018"]
[Source "ChessBase"]
[SourceDate "2017.10.13"]
[SourceVersion "1"]
[SourceVersionDate "2017.10.13"]
[SourceQuality "1"]
[WhiteTeam "Cadolzburg"]
[BlackTeam "Buechenbach/Roth III"]
[WhiteTeamCountry "GER"]
[BlackTeamCountry "GER"]

1. d4 Nf6 2. Bf4 d5 3. e3 e6 4. Nf3 Be7 5. Nbd2 c5 6. c3 Nc6 7. Bd3 h6 8. Ne5 cxd4 9. exd4 Bd6 10. 0-0 Qc7 11. Re1 Bd7 12. Bg3 0-0 13. Qe2 a6 14. f4 Rad8 15. Rac1 b5 16. Bh4 Be7 17. Bb1 Nh7 18. Qd3 f5 19. Nxc6 Bxc6 20. Bxe7 Qxe7 21. Qh3 Qf6 22. Nf3 Rfe8 23. Ne5 Bb7 24. Re3 Re7 25. Rg3 g5 26. Rf1 Rg7 27. Qh5 a5 28. a3 1/2-1/2

[Event "Mittelfranken-ch QT 60th"]
[Site "Buechenbach/Roth"]
[Date "2011.04.20"]
[Round "2"]
[White "Di Bonaventura, Stefan"]
[Black "Siegl, Adrian"]
[Result "1-0"]
[WhiteElo "1642"]
[BlackElo "1392"]
[PlyCount "53"]
[EventDate "2011.04.20"]
[EventType "swiss"]
[EventRounds "7"]
[EventCountry "GER"]
[SourceTitle "CBM 142 Extra"]
[Source "ChessBase"]
[SourceDate "2011.06.27"]
[SourceVersion "1"]
[SourceVersionDate "2011.06.27"]
[SourceQuality "1"]

1. e4 c5 2. Nf3 Nc6 3. d4 cxd4 4. Nxd4 Nf6 5. Nc3 e5 6. Ndb5 d6 7. Nd5 Nxd5 8. exd5 Ne7 9. Nc3 Ng6 10. Bd3 Be7 11. 0-0 0-0 12. Be3 b6 13. Ne2 Bb7 14. c4 Qc7 15. b3 Rac8 16. f4 Bf6 17. Rc1 Rfe8 18. f5 Ne7 19. Be4 Qd7 20. Ng3 Bh4 21. Nh5 g6 22. Qg4 Kh8 23. Qxh4 gxh5 24. Qf6+ Kg8 25. Bh6 Nxf5 26. Bxf5 Qxf5 27. Qg7# 1-0

[Event "Mittelfranken-chTB2a 1011"]
[Site "Germany"]
[Date "2011.02.13"]
[Round "6.5"]
[White "Huettl, Walter"]
[Black "Di Bonaventura, Stefan"]
[Result "1/2-1/2"]
[WhiteElo "1930"]
[BlackElo "1637"]
[PlyCount "34"]
[EventDate "2010.09.26"]
[EventType "team-tourn"]
[EventRounds "9"]
[EventCountry "GER"]
[SourceTitle "EXT 2012"]
[Source "ChessBase"]
[SourceDate "2011.11.24"]
[SourceVersion "1"]
[SourceVersionDate "2011.11.24"]
[SourceQuality "1"]
[WhiteTeam "Erlangen 44/88 II"]
[BlackTeam "Buechenbach/Roth III"]
[WhiteTeamCountry "GER"]
[BlackTeamCountry "GER"]

1. c4 Nf6 2. Nc3 e6 3. g3 Be7 4. Bg2 c6 5. d4 d5 6. Nf3 Nbd7 7. cxd5 exd5 8. 0-0 0-0 9. a3 Nb6 10. b3 Bf5 11. Ne5 Qc8 12. Bf4 Ne4 13. Nxe4 dxe4 14. Nc4 Nd5 15. Bd6 Qe6 16. Bxe7 Qxe7 17. Qd2 Qe6 1/2-1/2